| Tag |
First Indicator |
Second Indicator |
Subfields |
| LEADER |
00000cam a2200000 a 4500 |
| 001 |
in00000025978 |
| 005 |
20151007055747.0 |
| 008 |
861217s1986 mtuab b s00010 eng d |
| 035 |
|
|
|a (OCoLC)14986376
|
| 035 |
|
|
|9 AAB9190AM
|
| 040 |
|
|
|a GIS
|c GIS
|d AGL
|d m/c
|d TXA
|d UtOrBLW
|
| 049 |
|
|
|a TXAM
|c [A11493360]
|
| 050 |
|
4 |
|a QE133
|b .A2 no. 59
|
| 100 |
1 |
|
|a Levings, Julianne F.
|
| 245 |
1 |
0 |
|a Water resources of the Big Hole Basin, southwestern Montana /
|c by Julianne F. Levings ; with a section on mean flows at selected stream sites / by R.E. Thompson, Jr. ; prepared in cooperation with the U.S. Geological Survey.
|
| 264 |
|
1 |
|a Butte :
|b Montana Bureau of Mines and Geology,
|c 1986.
|
| 300 |
|
|
|a viii, 72 pages :
|b illustrations, maps (some color) ;
|c 28 cm.
|
| 336 |
|
|
|a text
|b txt
|2 rdacontent
|
| 337 |
|
|
|a unmediated
|b n
|2 rdamedia
|
| 338 |
|
|
|a volume
|b nc
|2 rdacarrier
|
| 490 |
1 |
|
|a Memoir / Montana Bureau of Mines and Geology,
|x 0077-1120 ;
|v no. 59
|
| 500 |
|
|
|a Three maps on folded sheets in pocket.
|
| 504 |
|
|
|a Bibliography: pages 35-37.
|
| 650 |
|
0 |
|a Water resources development
|z Montana.
|
| 650 |
|
0 |
|a Water quality
|z Montana.
|
| 700 |
1 |
|
|a Thompson, R. E.
|
| 710 |
2 |
|
|a Montana Bureau of Mines and Geology.
|
| 710 |
2 |
|
|a Geological Survey (U.S.)
|
| 740 |
0 |
|
|a Mean flows at selected stream sites.
|
| 830 |
|
0 |
|a Memoir (Montana Bureau of Mines and Geology) ;
|v no. 59.
|
| 999 |
|
|
|a MARS
|
| 999 |
f |
f |
|s a4f936f4-0475-36a2-8b3f-65cc5e4672f9
|i 89f0ad89-4c8a-3132-9270-7c528a587724
|t 0
|
| 952 |
f |
f |
|p ric
|a Texas A&M University
|b Rellis Campus
|c Joint Library Facility
|d Remote Storage
|t 0
|e QE133 .A2 no.59
|h Library of Congress classification
|i unmediated -- volume
|m A14811493360
|
| 998 |
f |
f |
|a QE133 .A2 no.59
|t 0
|l Remote Storage
|